000 00313nam a22001337a 4500
008 190227b xxu||||| |||| 00| 0 eng d
020 _a9780716771081
041 _aeng
080 _25th
_a575
100 _a5
101 _aBIOK
245 _aPrinciples of Biochemistry
_cNelson, D.L & Cox, M.M
942 _2udc
_cBK
999 _c54356
_d54356